000 00376nam a2200097Ia 4500
008 241105s9999 xx 000 0 und d
041 _aeng
100 _aSawant Pranita
_9181645
245 _aAn Integrated Landscape Approach Tostrengthen Livelihoods For Rural Agrarian Communities Arou nd MksssSite In Dhagewadi, Satara
260 _bBNCA M Arch Landscape Architecture
_aPune
_c2023
999 _c362074
_d362074